| 000 | 00303nam a2200109Ia 4500 | ||
|---|---|---|---|
| 008 | 230907s9999||||xx |||||||||||||| ||und|| | ||
| 082 |
_a621.51 _bGIA |
||
| 100 |
_aGiampaolo, Tony _981384 |
||
| 245 |
_aCompressor handbook: principles and practice / _cGiampaolo. |
||
| 260 | _c2019-09-27 | ||
| 942 |
_2ddc _cEB |
||
| 999 |
_c599618 _d599618 |
||